[Event "1st 4NCL Easter Congress"]
[Site "Stevenage"]
[Date "2019.04.19"]
[Round "1"]
[Board "1"]
[White "Bishop, Geoffrey L"]
[Black "Willow, Hambel M"]
[Result "1-0"]
[WhiteElo "1740"]
[BlackElo "1531"]
[PlyCount "53"]
[EventDate "2019.04.19"]
[EventRounds "7"]
[EventCountry "ENG"]

1. e4 c6 2. d4 d5 3. Nc3 dxe4 4. Nxe4 Bf5 5. Ng3 Bg6 6. Nf3 Nd7 7. h4 h6 8. h5
Bh7 9. Bd3 Bxd3 10. Qxd3 e6 11. Bd2 Ngf6 12. O-O-O Qc7 13. Kb1 Bd6 14. Ne4 Nxe4
15. Qxe4 Nf6 16. Qe2 O-O-O 17. c4 Rhe8 18. Bc3 c5 19. dxc5 Bxc5 20. Be5 Bd6 21.
Rxd6 Rxd6 22. c5 Qxc5 23. Rc1 Qxc1+ 24. Kxc1 Rc6+ 25. Kb1 Ng4 26. Bg3 e5 27.
Nd4  1-0

[Event "1st 4NCL Easter Congress"]
[Site "Stevenage"]
[Date "2019.04.19"]
[Round "1"]
[Board "2"]
[White "Gill, Gursharanjit S"]
[Black "Webster, Vivien"]
[Result "1-0"]
[WhiteElo "1520"]
[BlackElo "1724"]
[PlyCount "63"]
[EventDate "2019.04.19"]
[EventRounds "7"]
[EventCountry "ENG"]

1. c4 f5 2. Nc3 Nf6 3. g3 e6 4. Bg2 Bc5 5. d3 O-O 6. Bg5 Bxf2+ 7. Kxf2 Ng4+ 8.
Ke1 Qxg5 9. Nh3 Qh6 10. Qd2 Ne3 11. Bf3 Qxh3 12. Qxe3 Nc6 13. Nb5 Nb4 14. Kd2
c6 15. Nc7 Rb8 16. Qxa7 d5 17. Qxb8 d4 18. a3 Qh6+ 19. Kd1 Nxd3 20. exd3 Qe3
21. Be2 e5 22. Re1 f4 23. Kc2 f3 24. Bxf3 Qxf3 25. Rad1 Bg4 26. Qxb7 Qf2+ 27.
Kc1 Bxd1 28. Kxd1 Qf3+ 29. Kd2 Qf7 30. Qxc6 h6 31. Qd5 Kh8 32. Qxf7  1-0

[Event "1st 4NCL Easter Congress"]
[Site "Stevenage"]
[Date "2019.04.19"]
[Round "1"]
[Board "3"]
[White "Tomlinson, Zak"]
[Black "Fisher, Neal"]
[Result "1-0"]
[WhiteElo "1660"]
[BlackElo "1473"]
[PlyCount "47"]
[EventDate "2019.04.19"]
[EventRounds "7"]
[EventCountry "ENG"]

1. e4 e5 2. Nf3 d6 3. Bc4 c6 4. d4 exd4 5. Qxd4 f6 6. Bf4 Nd7 7. Bxg8 Rxg8 8.
Bxd6 Bxd6 9. Qxd6 Kf7 10. Nc3 Re8 11. O-O-O Re6 12. Qd3 Qe7 13. Rhe1 g6 14. Nd4
Rd6 15. Qg3 Ne5 16. f4 Nc4 17. e5 Rxd4 18. Rxd4 Qb4 19. Rxc4 Qxc4 20. exf6 Be6
21. Qh4 h5 22. Qg5 Rh8 23. Qe5 Rd8 24. b3  1-0

[Event "1st 4NCL Easter Congress"]
[Site "Stevenage"]
[Date "2019.04.19"]
[Round "1"]
[Board "4"]
[White "Zhu, Feng"]
[Black "Sloan, Cecil"]
[Result "0-1"]
[WhiteElo "1433"]
[BlackElo "1654"]
[PlyCount "140"]
[EventDate "2019.04.19"]
[EventRounds "7"]
[EventCountry "ENG"]

1. d4 Nf6 2. Bf4 e6 3. Nf3 c5 4. e3 b6 5. Bd3 Bb7 6. c3 cxd4 7. exd4 Be7 8. h3
O-O 9. Nbd2 d6 10. O-O Nbd7 11. Re1 Re8 12. Qc2 Bf8 13. Ne4 Nxe4 14. Bxe4 Bxe4
15. Rxe4 Nf6 16. Ree1 Qc7 17. Bh2 Nd7 18. Ng5 g6 19. Qd1 h6 20. Ne4 f5 21. Nd2
Kg7 22. Nb3 Nf6 23. Nc1 Rad8 24. Qb3 Qd7 25. Nd3 g5 26. Rad1 Ne4 27. c4 Qc8 28.
f3 Nf6 29. Rc1 f4 30. Qc2 e5 31. dxe5 dxe5 32. Nxe5 Qc5+ 33. Kh1 Rxe5 34. Bg1
Rxe1 35. Rxe1 Qd6 36. Qa4 Qd7 37. Qb3 Qc7 38. Qc3 Qd7 39. Qb3 Bc5 40. Bxc5 bxc5
41. Qc3 Re8 42. Re5 Qc6 43. Rxe8 Qxe8 44. Qa5 Qe7 45. Qc3 Kg8 46. Kh2 Nh5 47.
Qc2 Kg7 48. Qc3+ Nf6 49. a3 h5 50. Kh1 Qd6 51. Qa5 Qb6 52. Qc3 Qd6 53. Qa5 a6
54. b4 cxb4 55. axb4 Kg6 56. c5 Qc6 57. Qa3 Nd5 58. Qd3+ Kg7 59. Qf5 Ne3 60.
Qxg5+ Qg6 61. Qxg6+ Kxg6 62. Kg1 Nd5 63. c6 Kf6 64. Kf2 h4 65. Ke2 Ke7 66. Kd3
Nxb4+ 67. Ke4 a5 68. c7 Kd7 69. Kxf4 a4 70. g4 hxg3  0-1

[Event "1st 4NCL Easter Congress"]
[Site "Stevenage"]
[Date "2019.04.19"]
[Round "1"]
[Board "5"]
[White "Lambton, David"]
[Black "Duffell, Andrew"]
[Result "1-0"]
[WhiteElo "1645"]
[BlackElo "1424"]
[PlyCount "85"]
[EventDate "2019.04.19"]
[EventRounds "7"]
[EventCountry "ENG"]

1. c4 Nf6 2. g3 d5 3. cxd5 Nxd5 4. Nc3 Nb6 5. Bg2 Nc6 6. Nf3 e5 7. O-O Be7 8.
a3 Be6 9. Rb1 O-O 10. b4 Nd7 11. Bb2 a6 12. d3 f5 13. e3 Nf6 14. Ne2 Bd6 15.
Nd2 Bd5 16. Bxd5+ Nxd5 17. Qb3 Nce7 18. e4 c6 19. exd5 cxd5 20. Nf3 Kh8 21.
Nxe5 Bc7 22. Qc3 d4 23. Qxd4 Qxd4 24. Bxd4 Rad8 25. Nf3 Nc6 26. Bc5 Rf7 27.
Rbd1 h6 28. Ned4 Bb8 29. Nxc6 bxc6 30. Rfe1 f4 31. Ne5 Bxe5 32. Rxe5 fxg3 33.
hxg3 Kh7 34. Kg2 Rfd7 35. d4 Rf7 36. Re6 Rc8 37. Rde1 Rcc7 38. Rd6 Rf5 39. Re5
Rff7 40. Ree6 Kg8 41. Rxc6 Rcd7 42. Rxa6 h5 43. Red6  1-0

[Event "1st 4NCL Easter Congress"]
[Site "Stevenage"]
[Date "2019.04.19"]
[Round "1"]
[Board "6"]
[White "Ashworth, Steven M"]
[Black "Illingworth, John B"]
[Result "1-0"]
[WhiteElo "1420"]
[BlackElo "1621"]
[PlyCount "71"]
[EventDate "2019.04.19"]
[EventRounds "7"]
[EventCountry "ENG"]

1. e4 e5 2. Nc3 Bc5 3. Bc4 Nf6 4. d3 h6 5. f4 d6 6. f5 a6 7. g4 b5 8. Bb3 Bb7
9. g5 hxg5 10. Bxg5 Nbd7 11. h4 Qb8 12. a3 c6 13. Bxf6 Nxf6 14. Nf3 Qc7 15. Qd2
Rh5 16. Ng5 d5 17. Qe2 O-O-O 18. O-O-O Rdh8 19. Nf3 Ng4 20. d4 exd4 21. Nxd4
Qf4+ 22. Kb1 Ne3 23. Rd3 Bxd4 24. Rxd4 c5 25. Nxd5 Nxd5 26. Rxd5 Bxd5 27. Bxd5
Rxh4 28. Rxh4 Rxh4 29. Qg2 Rg4 30. Qh3 Rh4 31. Qg2 Qh6 32. Bxf7 Rh1+ 33. Ka2 c4
34. Be6+ Kd8 35. Qg3 Qc1 36. Qd6+  1-0

[Event "1st 4NCL Easter Congress"]
[Site "Stevenage"]
[Date "2019.04.19"]
[Round "1"]
[Board "7"]
[White "Pride, Stephen C"]
[Black "Ratnesan, Radha"]
[Result "1/2-1/2"]
[WhiteElo "1610"]
[BlackElo "1418"]
[PlyCount "61"]
[EventDate "2019.04.19"]
[EventRounds "7"]
[EventCountry "ENG"]

1. Nc3 Nf6 2. Nf3 e6 3. b3 b6 4. Bb2 Bb7 5. e3 d5 6. a3 Nbd7 7. Be2 c5 8. O-O
Be7 9. d3 O-O 10. Re1 Rc8 11. Bf1 a6 12. e4 d4 13. Ne2 Bd6 14. Bc1 Qc7 15. Bg5
h6 16. Bh4 b5 17. Bg3 Bxg3 18. Nxg3 Rfe8 19. Qd2 Nb8 20. Be2 Nc6 21. Rf1 Ne7
22. h3 Ng6 23. Nh2 Nf4 24. Bf3 a5 25. Ne2 Nxe2+ 26. Bxe2 a4 27. f4 axb3 28.
cxb3 Ra8 29. Nf3 Ra7 30. Ra2 Rea8 31. Rfa1  1/2-1/2

[Event "1st 4NCL Easter Congress"]
[Site "Stevenage"]
[Date "2019.04.19"]
[Round "1"]
[Board "8"]
[White "Pettit, Felicity Ol"]
[Black "Robinson, Brian"]
[Result "1/2-1/2"]
[WhiteElo "1273"]
[BlackElo "1569"]
[PlyCount "71"]
[EventDate "2019.04.19"]
[EventRounds "7"]
[EventCountry "ENG"]

1. c4 Nf6 2. g3 e6 3. Bg2 d5 4. d4 Be7 5. Nc3 c6 6. c5 Nbd7 7. Bg5 h6 8. Bxf6
Nxf6 9. Nf3 b6 10. b4 Bb7 11. O-O O-O 12. Rb1 Qc7 13. Ne5 bxc5 14. bxc5 Bxc5
15. Nxf7 Qxf7 16. dxc5 Rab8 17. Qa4 Ba8 18. Rb3 Qc7 19. e3 Nd7 20. Qa3 Ne5 21.
Ne2 Nc4 22. Qc1 e5 23. Nc3 Qa5 24. Qc2 Qxc5 25. Qg6 Rxb3 26. axb3 Nxe3 27. fxe3
Qxe3+ 28. Kh1 Rxf1+ 29. Bxf1 Qxc3 30. Qe8+ Kh7 31. Qxa8 a5 32. Qc8 Qf3+ 33. Kg1
d4 34. Qa6 Qc3 35. Bd3+ Kg8 36. Qc8+  1/2-1/2

[Event "1st 4NCL Easter Congress"]
[Site "Stevenage"]
[Date "2019.04.19"]
[Round "1"]
[Board "9"]
[White "Neil, Graham"]
[Black "Sagar, Aneesh"]
[Result "1-0"]
[WhiteElo "1540"]
[BlackElo "1195"]
[PlyCount "93"]
[EventDate "2019.04.19"]
[EventRounds "7"]
[EventCountry "ENG"]

1. d4 d5 2. Bf4 Nf6 3. Nf3 e6 4. a3 c5 5. Nc3 Nc6 6. e3 Qb6 7. Rb1 Bd7 8. h3
Be7 9. Be2 O-O 10. O-O Rac8 11. Re1 cxd4 12. exd4 a6 13. Bf1 Na7 14. Ne2 Rfd8
15. Ng3 Bb5 16. c3 Bxf1 17. Nxf1 Nh5 18. Bh2 g6 19. Qd2 Bf6 20. Ne3 Nc6 21. Ng4
Bg7 22. Nh6+ Kf8 23. Re2 Nf6 24. Ne5 Nxe5 25. Bxe5 Ne4 26. Qc1 Bxe5 27. dxe5
Rc4 28. Qf4 Rd7 29. Ng4 Nxc3 30. Qh6+ Ke8 31. Nf6+ Kd8 32. Ree1 Nxb1 33. Qf8+
Kc7 34. Nxd7 Kxd7 35. Qxf7+ Kc6 36. Qxe6+ Kb5 37. Qxd5+ Qc5 38. Qxb7+ Qb6 39.
Qd7+ Qc6 40. Qxc6+ Kxc6 41. e6 Nd2 42. e7 Nb3 43. e8=Q+ Kb7 44. Qf7+ Rc7 45.
Qxb3+ Ka7 46. Re8 h5 47. Qb8#  1-0

[Event "1st 4NCL Easter Congress"]
[Site "Stevenage"]
[Date "2019.04.20"]
[Round "2"]
[Board "1"]
[White "Lambton, David"]
[Black "Bishop, Geoffrey L"]
[Result "0-1"]
[WhiteElo "1645"]
[BlackElo "1740"]
[PlyCount "122"]
[EventDate "2019.04.19"]
[EventRounds "7"]
[EventCountry "ENG"]

1. c4 b6 2. g3 Bb7 3. Nf3 c5 4. Bg2 Nf6 5. O-O e6 6. Nc3 Be7 7. e3 O-O 8. d4
cxd4 9. exd4 Qc8 10. b3 d5 11. Bb2 dxc4 12. bxc4 Qxc4 13. Rc1 Qb4 14. Qc2 Nc6
15. Rfd1 Rfd8 16. Ng5 Rxd4 17. Ne2 Rxd1+ 18. Rxd1 Qc5 19. Qxc5 Bxc5 20. Bxf6
gxf6 21. Ne4 Rd8 22. Rxd8+ Nxd8 23. Nxf6+ Kg7 24. Bxb7 Nxb7 25. Ne4 f5 26. Nxc5
Nxc5 27. f4 Kf6 28. Kf2 e5 29. fxe5+ Kxe5 30. Ke3 Ne4 31. Nd4 a5 32. Nf3+ Kd5
33. Nd4 Nd6 34. Kd3 b5 35. h3 b4 36. Ne2 a4 37. g4 fxg4 38. hxg4 Ke5 39. Nd4
Kf4 40. Nc6 b3 41. axb3 axb3 42. Kc3 Kxg4 43. Kxb3 h5 44. Ne5+ Kf5 45. Nf3 Ne4
46. Kc2 Kf4 47. Nh4 Kg4 48. Ng2 Kg3 49. Ne3 Kf3 50. Nf5 Ng3 51. Nh4+ Kg4 52.
Ng2 Nf5 53. Kd2 Kg3 54. Ne1 h4 55. Ke2 h3 56. Nf3 Kg2 57. Ne1+ Kg3 58. Nf3 Nd4+
59. Nxd4 h2 60. Nf5+ Kg2 61. Ne3+ Kg1  0-1

[Event "1st 4NCL Easter Congress"]
[Site "Stevenage"]
[Date "2019.04.20"]
[Round "2"]
[Board "2"]
[White "Neil, Graham"]
[Black "Tomlinson, Zak"]
[Result "0-1"]
[WhiteElo "1540"]
[BlackElo "1660"]
[PlyCount "132"]
[EventDate "2019.04.19"]
[EventRounds "7"]
[EventCountry "ENG"]

1. d4 Nf6 2. Nf3 g6 3. Bf4 Bg7 4. h3 O-O 5. e3 d6 6. Bd3 c5 7. c3 Qb6 8. Qc2
Qc6 9. Nbd2 Nbd7 10. O-O b5 11. a4 bxa4 12. Qxa4 Qxa4 13. Rxa4 Nb6 14. Ra3 cxd4
15. exd4 Bb7 16. Rfa1 Nc8 17. Ba6 Bxa6 18. Rxa6 Nd5 19. Bg3 Rb8 20. R6a2 Rd8
21. Nc4 Rd7 22. Na5 Rc7 23. Nd2 Bh6 24. Nac4 Rcb7 25. Nf1 Bf4 26. Rd1 Bxg3 27.
Nxg3 Nf4 28. Rd2 f6 29. Ne2 Nxe2+ 30. Rxe2 d5 31. Ne3 e6 32. Ng4 Kf7 33. f3 h5
34. Ne3 Nd6 35. Kf2 f5 36. Nd1 f4 37. Ra6 Ke7 38. b4 Rc8 39. Re5 Rcc7 40. Ke2
Rb6 41. Rxb6 axb6 42. Kd3 Ra7 43. Re1 Nf5 44. Re2 Ra1 45. Rd2 Nh4 46. Nb2 Rg1
47. c4 dxc4+ 48. Kxc4 Rxg2 49. Rxg2 Nxg2 50. Nd3 Ne3+ 51. Kb5 Nd5 52. Ne5 g5
53. Kc4 Nc7 54. Nc6+ Kd6 55. Ne5 b5+ 56. Kb3 Ke7 57. Nc6+ Kf6 58. Ne5 Kf5 59.
Nd3 g4 60. hxg4+ hxg4 61. fxg4+ Kxg4 62. Ne5+ Kg3 63. Kc3 f3 64. Nd3 f2 65.
Nxf2 Kxf2 66. Kd3 Kf3  0-1

[Event "1st 4NCL Easter Congress"]
[Site "Stevenage"]
[Date "2019.04.20"]
[Round "2"]
[Board "3"]
[White "Sloan, Cecil"]
[Black "Gill, Gursharanjit S"]
[Result "0-1"]
[WhiteElo "1654"]
[BlackElo "1520"]
[PlyCount "48"]
[EventDate "2019.04.19"]
[EventRounds "7"]
[EventCountry "ENG"]

1. e4 e6 2. d4 d5 3. Nc3 Bb4 4. e5 c5 5. Bd2 cxd4 6. Nb5 Be7 7. Qg4 g6 8. Nf3
Nc6 9. Nbxd4 Qb6 10. Bd3 Bd7 11. O-O h5 12. Qf4 Nh6 13. Nxc6 Bxc6 14. Nd4 g5
15. Qe3 Ng4 16. Qe2 Qxd4 17. c3 Qxe5 18. Qxe5 Nxe5 19. Be2 Nc4 20. Bxc4 dxc4
21. Be3 b6 22. Rad1 Bd5 23. Bd4 f6 24. f4 gxf4  0-1

[Event "1st 4NCL Easter Congress"]
[Site "Stevenage"]
[Date "2019.04.20"]
[Round "2"]
[Board "4"]
[White "Robinson, Brian"]
[Black "Royce, Anastasija"]
[Result "0-1"]
[WhiteElo "1569"]
[BlackElo "1158"]
[PlyCount "60"]
[EventDate "2019.04.19"]
[EventRounds "7"]
[EventCountry "ENG"]

1. d4 d5 2. Nf3 h6 3. e3 a6 4. Bd3 Bg4 5. Nbd2 Nc6 6. h3 Bh5 7. Be2 e6 8. O-O
Nf6 9. b3 Bd6 10. Bb2 O-O 11. Ne5 Bxe2 12. Qxe2 Ne7 13. c4 c6 14. Ndf3 Nh7 15.
Rac1 Ng6 16. Nxg6 fxg6 17. Qd3 Rxf3 18. Qxg6 Rf6 19. Qc2 Qe8 20. e4 dxe4 21.
Qxe4 Qg6 22. Qxg6 Rxg6 23. Rcd1 Ng5 24. Kh1 Rf8 25. Rde1 Rgf6 26. f3 Bg3 27.
Re2 Rf4 28. d5 exd5 29. Be5 Re4 30. Rxe4 Nxe4  0-1

[Event "1st 4NCL Easter Congress"]
[Site "Stevenage"]
[Date "2019.04.20"]
[Round "2"]
[Board "5"]
[White "Dunkley, Michael"]
[Black "Ashworth, Steven M"]
[Result "1-0"]
[WhiteElo "1777"]
[BlackElo "1420"]
[PlyCount "83"]
[EventDate "2019.04.19"]
[EventRounds "7"]
[EventCountry "ENG"]

1. d4 Nf6 2. Nf3 e6 3. Bf4 c5 4. e3 Nc6 5. c3 cxd4 6. exd4 d5 7. Nbd2 Ne4 8.
Nxe4 dxe4 9. Nd2 f5 10. Bb5 Bd6 11. Qh5+ g6 12. Qh6 Bxf4 13. Qxf4 Bd7 14. O-O
O-O 15. Bc4 Na5 16. Rfe1 Nxc4 17. Nxc4 Bb5 18. Ne5 Rc8 19. f3 g5 20. Qe3 Bc6
21. Nxc6 Rxc6 22. fxe4 f4 23. Qe2 Re8 24. e5 Re7 25. Qe4 Qf8 26. Rf1 Qg7 27. g3
Rc8 28. gxf4 gxf4+ 29. Kh1 Qh6 30. Qxf4 Qxf4 31. Rxf4 Rf8 32. Rg1+ Rg7 33.
Rxf8+ Kxf8 34. Rxg7 Kxg7 35. c4 Kg6 36. Kg2 Kf5 37. Kf3 a5 38. b3 b6 39. a3 h6
40. b4 axb4 41. axb4 Kg6 42. b5  1-0

[Event "1st 4NCL Easter Congress"]
[Site "Stevenage"]
[Date "2019.04.20"]
[Round "2"]
[Board "6"]
[White "Usharovsky, Tom"]
[Black "Homer, Neil S"]
[Result "1-0"]
[WhiteElo "1486"]
[BlackElo "1692"]
[PlyCount "81"]
[EventDate "2019.04.19"]
[EventRounds "7"]
[EventCountry "ENG"]

1. c4 e6 2. Nc3 d5 3. cxd5 exd5 4. d4 c5 5. dxc5 d4 6. Ne4 Qd5 7. Nd6+ Bxd6 8.
cxd6 Qxd6 9. Nf3 Nc6 10. a3 Nf6 11. e3 Bg4 12. Be2 Bxf3 13. Bxf3 d3 14. O-O
O-O-O 15. Bd2 Kb8 16. Rc1 Rc8 17. Qb3 Rc7 18. g3 Rd8 19. a4 Qe6 20. Rc3 Qxb3
21. Rxb3 Ne5 22. Bg2 Rdd7 23. Rd1 Rc2 24. e4 Nh5 25. Bf4 Nxf4 26. gxf4 d2 27.
fxe5 Rc1 28. Bf3 Rdc7 29. Rd3 R7c2 30. b3 Rc3 31. R3xd2 Rxd1+ 32. Bxd1 Rc5 33.
f4 Kc7 34. Bg4 Kb6 35. Rd7 Rc6 36. f5 g6 37. Rxf7 h5 38. e6 Rc1+ 39. Kf2 hxg4
40. e7 Rc2+ 41. Ke1  1-0

[Event "1st 4NCL Easter Congress"]
[Site "Stevenage"]
[Date "2019.04.20"]
[Round "2"]
[Board "7"]
[White "Ratnesan, Radha"]
[Black "Ribbands, Patrick C"]
[Result "1/2-1/2"]
[WhiteElo "1418"]
[BlackElo "1683"]
[PlyCount "61"]
[EventDate "2019.04.19"]
[EventRounds "7"]
[EventCountry "ENG"]

1. d4 b5 2. e4 Bb7 3. Nd2 a6 4. Ngf3 e6 5. Bd3 c5 6. c3 Be7 7. O-O Nf6 8. e5
Nd5 9. Ne4 c4 10. Bc2 h6 11. Bd2 Nc6 12. b3 Na5 13. b4 Nc6 14. Qe2 d6 15. exd6
Bxd6 16. a4 Be7 17. Ra2 O-O 18. Rfa1 Qc7 19. axb5 axb5 20. Rxa8 Rxa8 21. Rxa8+
Bxa8 22. Ng3 Nf6 23. Ne4 Nb8 24. Nxf6+ Bxf6 25. Be4 Bc6 26. g3 Qb7 27. Bxc6
Qxc6 28. Ne5 Qd5 29. Bf4 Nc6 30. Nxc6 Qxc6 31. Bd2  1/2-1/2

[Event "1st 4NCL Easter Congress"]
[Site "Stevenage"]
[Date "2019.04.20"]
[Round "2"]
[Board "8"]
[White "Jones, Zebedee"]
[Black "Pride, Stephen C"]
[Result "0-1"]
[WhiteElo "1412"]
[BlackElo "1610"]
[PlyCount "54"]
[EventDate "2019.04.19"]
[EventRounds "7"]
[EventCountry "ENG"]

1. e4 d6 2. d4 Nf6 3. Nc3 e5 4. dxe5 dxe5 5. Qxd8+ Kxd8 6. Bg5 Be6 7. O-O-O+
Kc8 8. Bd3 Nbd7 9. Nge2 Bc5 10. Be3 Bxe3+ 11. fxe3 Ng4 12. Rhe1 Nxe3 13. b3
Nxg2 14. Rg1 Bh3 15. Nd5 c6 16. Ne7+ Kc7 17. Nf5 g6 18. Nfg3 b5 19. Rgf1 Rhf8
20. Rf2 Nh4 21. Rg1 h6 22. Nh1 g5 23. Rg3 Be6 24. Rg1 Nc5 25. Nhg3 Rad8 26. Kd2
Ng6 27. Nh5 Nxe4+  0-1

[Event "1st 4NCL Easter Congress"]
[Site "Stevenage"]
[Date "2019.04.20"]
[Round "2"]
[Board "9"]
[White "Usharovsky, Ron"]
[Black "Volovich, Andrew"]
[Result "1-0"]
[WhiteElo "1609"]
[BlackElo "1373"]
[PlyCount "47"]
[EventDate "2019.04.19"]
[EventRounds "7"]
[EventCountry "ENG"]

1. e4 c5 2. c3 Nf6 3. e5 Nd5 4. d4 cxd4 5. cxd4 d6 6. exd6 e6 7. Nc3 Bxd6 8.
Nf3 O-O 9. Bd3 Nc6 10. O-O a6 11. Re1 Re8 12. Re4 Nf6 13. Rh4 e5 14. d5 Nb4 15.
Bb1 Bc5 16. Bg5 a5 17. a3 Na6 18. Bxh7+ Kf8 19. Bc2 Kg8 20. Qd3 g6 21. Ne4 Be7
22. d6 Bxd6 23. Bxf6 Be7 24. Rh8#  1-0

[Event "1st 4NCL Easter Congress"]
[Site "Stevenage"]
[Date "2019.04.20"]
[Round "2"]
[Board "10"]
[White "Webster, Vivien"]
[Black "Pettit, Felicity Ol"]
[Result "1-0"]
[WhiteElo "1724"]
[BlackElo "1273"]
[PlyCount "81"]
[EventDate "2019.04.19"]
[EventRounds "7"]
[EventCountry "ENG"]

1. d4 d5 2. c4 e6 3. a3 Nf6 4. e3 c6 5. Nc3 Bd6 6. Bd3 Nbd7 7. Nge2 O-O 8. O-O
e5 9. cxd5 cxd5 10. dxe5 Nxe5 11. Ng3 Nxd3 12. Qxd3 Be6 13. Nb5 Bc5 14. b4 Bb6
15. Bb2 a6 16. Bxf6 Qxf6 17. Nc3 d4 18. Nce4 Qe5 19. exd4 Qxd4 20. Qf3 Rac8 21.
Rad1 Qb2 22. Ng5 Rc6 23. Qd3 g6 24. N3e4 Bc4 25. Qh3 h5 26. Rd2 Qe5 27. Re1 Qf4
28. g3 Qc7 29. g4 f6 30. Nf3 hxg4 31. Qxg4 Qf7 32. Qh4 Qh7 33. Qxh7+ Kxh7 34.
Nd6 Rb8 35. Re7+ Kg8 36. Nh4 g5 37. Nhf5 Rcc8 38. Nxc8 Rxc8 39. Rdd7 Bb5 40.
Rg7+ Kh8 41. Rh7+  1-0

[Event "1st 4NCL Easter Congress"]
[Site "Stevenage"]
[Date "2019.04.20"]
[Round "2"]
[Board "11"]
[White "Illingworth, John B"]
[Black "Zhu, Feng"]
[Result "1/2-1/2"]
[WhiteElo "1621"]
[BlackElo "1433"]
[PlyCount "68"]
[EventDate "2019.04.19"]
[EventRounds "7"]
[EventCountry "ENG"]

1. d4 d5 2. Bg5 Nf6 3. Nd2 Bf5 4. c3 c6 5. Ngf3 h6 6. Bf4 e6 7. Ne5 Nbd7 8. e3
Be7 9. Bd3 Ne4 10. Qc2 Nxd2 11. Bxf5 exf5 12. Qxd2 O-O 13. Qc2 Nxe5 14. Bxe5
Qd7 15. h4 Rfe8 16. O-O-O Rac8 17. Rh3 f6 18. Bf4 Kf7 19. h5 a5 20. Rf3 Bf8 21.
Bg3 Re4 22. Rh1 b5 23. Rh4 a4 24. Rhf4 c5 25. dxc5 Rxc5 26. a3 Bd6 27. Rxf5
Bxg3 28. fxg3 b4 29. axb4 Rxb4 30. cxb4 Rxc2+ 31. Kxc2 Qb5 32. R5f4 Qe2+ 33.
Kc3 Qe1+ 34. Kc2 Qe2+  1/2-1/2

[Event "1st 4NCL Easter Congress"]
[Site "Stevenage"]
[Date "2019.04.20"]
[Round "2"]
[Board "12"]
[White "Willow, Hambel M"]
[Black "Duffell, Andrew"]
[Result "1-0"]
[WhiteElo "1531"]
[BlackElo "1424"]
[PlyCount "119"]
[EventDate "2019.04.19"]
[EventRounds "7"]
[EventCountry "ENG"]

1. d4 Nf6 2. c4 g6 3. Nc3 d5 4. cxd5 Nxd5 5. e4 Nxc3 6. bxc3 Bg7 7. h3 c5 8.
Nf3 Nc6 9. Bb5 O-O 10. Bxc6 bxc6 11. O-O Qc7 12. Be3 Rd8 13. Qc1 Qa5 14. Rd1
Bb7 15. Bh6 Bh8 16. e5 cxd4 17. cxd4 c5 18. Qxc5 Qxc5 19. dxc5 Bxf3 20. gxf3
Bxe5 21. Rxd8+ Rxd8 22. Rc1 f6 23. Be3 Bc7 24. Rb1 Rb8 25. Rxb8+ Bxb8 26. c6
Kf7 27. Bxa7 Bc7 28. Kf1 Ke6 29. Bc5 Bd8 30. Ke2 Kd5 31. Bxe7 Bc7 32. Bxf6 Kxc6
33. Kd3 Kd5 34. Bg5 Bd6 35. Be3 Bb4 36. Bd4 Ba5 37. a3 Bd8 38. Ba7 Ba5 39. Ke3
Ke5 40. Bb8+ Kf5 41. Bg3 Bd8 42. a4 Bb6+ 43. Kd3 Ke6 44. Kc4 Kd7 45. Kb5 Bd4
46. a5 Kc8 47. Kc6 Ba7 48. a6 Bd4 49. Bc7 Bxf2 50. Bb6 Bxb6 51. Kxb6 Kb8 52. f4
Ka8 53. h4 h5 54. Kc6 Ka7 55. Kd6 Kxa6 56. Ke6 Kb6 57. Kf6 Kc6 58. Kxg6 Kd6 59.
Kxh5 Ke6 60. Kg6  1-0

[Event "1st 4NCL Easter Congress"]
[Site "Stevenage"]
[Date "2019.04.20"]
[Round "2"]
[Board "13"]
[White "Fisher, Neal"]
[Black "Sagar, Aneesh"]
[Result "1-0"]
[WhiteElo "1473"]
[BlackElo "1195"]
[PlyCount "63"]
[EventDate "2019.04.19"]
[EventRounds "7"]
[EventCountry "ENG"]

1. d4 d5 2. Nc3 Nf6 3. Bf4 c5 4. e3 Nc6 5. Nb5 Qa5+ 6. c3 e5 7. dxe5 a6 8. Na3
Ng4 9. Nf3 Be7 10. h3 Nh6 11. Bxh6 gxh6 12. Qxd5 Be6 13. Qe4 O-O-O 14. Bc4 Bd7
15. Bxf7 Rdf8 16. e6 Be8 17. O-O Kb8 18. Ne5 Nxe5 19. Qxe5+ Ka7 20. Nc4 Qb5 21.
b3 Bxf7 22. exf7 Rxf7 23. Qxh8 Bf6 24. Qc8 Bxc3 25. Rad1 Rg7 26. Rd8 Rxg2+ 27.
Kxg2 Qc6+ 28. Qxc6 bxc6 29. Rd7+ Ka8 30. Rxh7 Bf6 31. Rd1 Bd8 32. Rxd8#  1-0

[Event "1st 4NCL Easter Congress"]
[Site "Stevenage"]
[Date "2019.04.20"]
[Round "3"]
[Board "1"]
[White "Bishop, Geoffrey L"]
[Black "Tomlinson, Zak"]
[Result "0-1"]
[WhiteElo "1740"]
[BlackElo "1660"]
[PlyCount "130"]
[EventDate "2019.04.19"]
[EventRounds "7"]
[EventCountry "ENG"]

1. e4 e5 2. Nf3 Nc6 3. Bb5 a6 4. Ba4 Nf6 5. d3 b5 6. Bb3 h6 7. c3 Bc5 8. O-O d6
9. h3 O-O 10. Re1 Be6 11. Nbd2 Qd7 12. Bc2 Bb6 13. Nf1 Rfe8 14. Be3 Bxe3 15.
Nxe3 Ne7 16. d4 exd4 17. cxd4 d5 18. e5 Ne4 19. Nxd5 Bxd5 20. Bxe4 Bxe4 21.
Rxe4 Rad8 22. Rc1 Qd5 23. Re2 c5 24. Rxc5 Qxc5 25. dxc5 Rxd1+ 26. Kh2 Rd5 27.
e6 f6 28. b4 Nc6 29. Re4 a5 30. bxa5 Nxa5 31. Nd4 Rxc5 32. g4 Re5 33. Rf4 R8xe6
34. Nxe6 Rxe6 35. Rb4 Re5 36. a4 bxa4 37. Rxa4 Nc6 38. Kg3 Kf7 39. Rc4 Ne7 40.
Rc7 Ke6 41. h4 Rb5 42. Rc3 Nd5 43. Rc6+ Ke5 44. Rc8 Rb3+ 45. f3 Rb7 46. f4+
Nxf4 47. Rc5+ Nd5 48. g5 hxg5 49. hxg5 Rb3+ 50. Kg4 Rb4+ 51. Kh5 Kd6 52. Rc8
Nf4+ 53. Kg4 Ne6+ 54. Kf5 Rb5+ 55. Kg6 Rxg5+ 56. Kf7 f5 57. Re8 Nd4 58. Rd8+
Ke5 59. Re8+ Kf4 60. Re1 Rg3 61. Rf1+ Rf3 62. Rg1 g5 63. Kf6 g4 64. Rd1 Ke4 65.
Kg5 g3  0-1

[Event "1st 4NCL Easter Congress"]
[Site "Stevenage"]
[Date "2019.04.20"]
[Round "3"]
[Board "2"]
[White "Gill, Gursharanjit S"]
[Black "Usharovsky, Ron"]
[Result "0-1"]
[WhiteElo "1520"]
[BlackElo "1609"]
[PlyCount "94"]
[EventDate "2019.04.19"]
[EventRounds "7"]
[EventCountry "ENG"]

1. c4 c6 2. Nc3 d5 3. cxd5 cxd5 4. d4 Nc6 5. g3 Bf5 6. a3 Nf6 7. Bg2 e6 8. Nf3
Bd6 9. Nh4 Bg6 10. b4 Rc8 11. Nb5 Be7 12. Bg5 a6 13. Nc3 Nxb4 14. axb4 Rxc3 15.
Nxg6 hxg6 16. Qa4+ Qd7 17. b5 Rc4 18. Qa2 Bb4+ 19. Bd2 Qxb5 20. O-O Bxd2 21.
Qxd2 O-O 22. Rfe1 Qb4 23. Qg5 Rxd4 24. Rab1 Qe7 25. e4 Qc7 26. Rec1 Rc4 27.
exd5 exd5 28. Rxc4 Qxc4 29. Rxb7 Rc8 30. Bf1 Qc6 31. Rb1 a5 32. Qf4 Qe6 33. h4
Qe4 34. Rb8 Rxb8 35. Qxb8+ Kh7 36. Qb2 Qe1 37. Kg2 Qb4 38. Qxb4 axb4 39. f3 b3
40. Kf2 d4 41. Bd3 Nd5 42. Ke2 Nc3+ 43. Kd2 b2 44. Bb1 Nxb1+ 45. Kc2 Nc3 46.
Kxb2 Ne2 47. Kc2 Nxg3  0-1

[Event "1st 4NCL Easter Congress"]
[Site "Stevenage"]
[Date "2019.04.20"]
[Round "3"]
[Board "3"]
[White "Royce, Anastasija"]
[Black "Dunkley, Michael"]
[Result "0-1"]
[WhiteElo "1158"]
[BlackElo "1777"]
[PlyCount "52"]
[EventDate "2019.04.19"]
[EventRounds "7"]
[EventCountry "ENG"]

1. e4 e6 2. d4 d5 3. e5 c5 4. Nf3 Nc6 5. c3 Bd7 6. Be3 Qc7 7. Be2 Nge7 8. O-O
Ng6 9. Bd3 c4 10. Bc2 f6 11. Bxg6+ hxg6 12. Qc2 O-O-O 13. exf6 gxf6 14. Qxg6
Bd6 15. g3 Rhg8 16. Qc2 Be8 17. Nh4 Qg7 18. Ng2 Bg6 19. Qd2 Bd3 20. Re1 e5 21.
f4 Rh8 22. dxe5 fxe5 23. fxe5 Nxe5 24. Qf2 Ng4 25. Bd4 Qh7 26. Qf3 Qxh2#  0-1